000 00818nam a2200205Ia 4500
003 GCL
008 140319s9999 xx 000 0 ara d
040 _aGCL /
_cGCL
082 0 4 _a330.9
_bع ت
100 1 _aعبدالرحمن بن صالح المشيقع
245 1 0 _aالتفوق اليابانى وملامح التجربة العربية /
_cعبدالرحمن بن صالح المشيقع
300 _a144 ص
490 _a
650 0 4 _aاليابان - الاحوال الاجتماعية
650 0 4 _aاليابان - التنمية الاقتصادية
650 0 4 _aاليابان - تاريخ - العصر الحديث
650 0 4 _aالعالم العربى - التنمية الاقتصادية
650 0 4 _aالعالم العربى - الاحوال الاجتماعية
942 _2ddc
_cBK
999 _c47830
_d47830